000 00827nam a2200217Ia 4500
008 130821s2007 ck a gr spa
020 _a9789586952859
040 _aCo-BoUCM
_bspa
041 0 0 _aspa
100 1 _aVargas-Trujillo, Elvia
_9100463
245 1 0 _aSexualidad...mucho más que sexo una guía para mantener una sexualidad saludable
_cElvia Vargas-Trujillo.
260 _aBogotá (Colombia)
_bEdiciones Uniandes
_c2007
300 _axlii, 251 páginas
_bgráficas
650 0 4 _aEducación sexual
_913871
650 0 4 _aPsicología
_98001
650 0 4 _aSexo (Psicología)
_924360
650 0 4 _aSexualidad
_924368
710 1 _aUniversidad de los Andés.
_bFacultad de Ciencias Sociales.
_bDepartamento de Psicología
_9159204
942 _cLIBRO
_a9
_e1
_mV297s
_2DEWEY
_h155.3
_n0
999 _c36894
_d36894